000 00435cam a2200181ua 4500
001 5930
005 20260515113945.0
008 131029n ii |||gr||||Z||||||asm
040 _cMAIN
082 _a940
245 _aEuropar Buranji
_cBy Ghanakanta Nath
260 _aGuwahati:
_bStudents Stores,
_c1992.
300 _ax,270p.
653 _aHistory
653 _aEuropar Buranji
700 _aNath,Ghanakanta,
_eAuthor.
942 _cBK
999 _c5079
_d5079